000
00302nam a2200121Ia 4500
008
190216s9999||||xx |||||||||||||| ||und||
100
_a
Sundharan. K.P.M
245
0
_a
Money Banking And International Trade
260
_b
Sulthan Chand&Sons
_c
1997
300
_a
20432p
650
_a
Commerce
942
_c
BK
999
_c
4833
_d
4833